Score 0/9 Timer 04:00
0 Plays Today
% Correct
Olivia Pope
98.8%
Fitzgerald Grant
91.8%
Huck
89%
Mellie Grant
87%
Cyrus Beene
84.4%
Quinn Perkins
81.5%
Abby Whelan
79.5%
David Rosen
78.5%
Harrison Wright
72.7%
Remove Ads.
Support Sporcle.
Get the best of Sporcle when you Go Orange. This ad-free experience offers more features, more stats, and more fun while also helping to support Sporcle. Thank you for becoming a member.

You're not logged in!

Compare scores with friends on all Sporcle quizzes.
OR
Log In

Show Comments

Extras

Top Quizzes Today


Score Distribution

Your Account Isn't Verified!

In order to create a playlist on Sporcle, you need to verify the email address you used during registration. Go to your Sporcle Settings to finish the process.

Report this User

Report this user for behavior that violates our Community Guidelines.

Details: